[Event "1800-2200 10 Player Round Robin"]
[Site "SchemingMind.com"]
[Date "2012.04.04"]
[Round "-"]
[White "rookie31"]
[Black "Majoanis"]
[Result "1-0"]
[WhiteCountry "IND"]
[BlackCountry "CAN"]
[WhiteElo "2194"]
[WhiteRD "60"]
[BlackElo "1777"]
[BlackRD "54"]
[GameID "307459"]

1. d4 Nf6 2. c4 c5 3. d5 b5 4. cxb5 g6 5. Nc3 a6 6. e4 d6 7. Nf3 Bg7 8. Be2 O-O 9. O-O axb5 10. Bxb5 Ba6
11. Qe2 Qb6 12. Bxa6 Nxa6 13. Bf4 Rfb8 14. Rfb1 Nc7 15. Qc2 Nb5 16. Ne2 Nd7 17. a4 Nc7 18. Bd2 Qb3 19. Qxb3 Rxb3 20. a5 Na6
21. Bc3 Rab8 22. Nd2 R3b7 23. Nc4 Bxc3 24. Nxc3 Rb4 25. Ra4 Rxa4 26. Nxa4 Rb4 27. b3 g5 28. f3 Kg7 29. Nab6 Nxb6 30. Nxb6 Rb5
31. Nc4 Kf6 32. Kf2 Nb4 33. Kg3 h5 34. h4 Kg6 35. Rd1 Na6 36. e5 gxh4+ 37. Kh3 Rxb3 38. exd6 exd6 39. Nxd6 Nc7 40. Nc8
1-0

[Event "1800-2200 10 Player Round Robin"]
[Site "SchemingMind.com"]
[Date "2012.04.05"]
[Round "-"]
[White "Adrian Grajczak"]
[Black "Majoanis"]
[Result "1-0"]
[WhiteCountry "POL"]
[BlackCountry "CAN"]
[WhiteElo "2118"]
[WhiteRD "65"]
[BlackElo "1834"]
[BlackRD "55"]
[GameID "307460"]

1. e4 Nf6 2. e5 Nd5 3. d4 d6 4. c4 Nb6 5. exd6 exd6 6. Nf3 Be7 7. Bd3 O-O 8. O-O Bg4 9. Be3 Nc6 10. Nbd2 Bf6
11. Qc2 g6 12. h3 Bxf3 13. Nxf3 Nb4 14. Qd2 Nxd3 15. Qxd3 d5 16. c5 Nc8 17. Bf4 Ne7 18. Be5 Nc6 19. Bxf6 Qxf6 20. a3 Rfe8
21. Rfe1 Kg7 22. b4 a6 23. Re3 Kf8 24. Rae1 Rxe3 25. fxe3 Re8 26. Qb3 Rd8 27. a4 a5 28. b5 Nb4 29. Ne5 Qg7 30. Rf1 f6
31. Ng4
1-0

[Event "1800-2200 10 Player Round Robin"]
[Site "SchemingMind.com"]
[Date "2012.04.06"]
[Round "-"]
[White "Greg Magne"]
[Black "e_castle3"]
[Result "1/2-1/2"]
[WhiteCountry "CAN"]
[BlackCountry "PHI"]
[WhiteElo "1830"]
[WhiteRD "83"]
[BlackElo "1860"]
[BlackRD "67"]
[GameID "307583"]

1. e4 c6 2. d4 d5 3. Nc3 dxe4 4. Nxe4 Nf6 5. Nxf6+ exf6 6. Nf3 Be7 7. Bf4 Nd7 8. Be2 O-O 9. O-O Nb6 10. c4 Re8
11. Qc2 Bf8 12. Rad1 g5 13. Be3 Qc7 14. Rd2 Bg4 15. h3 Bh5 16. Nh2 Bg6 17. Bd3 Rad8 18. a3 Re6 19. Rfd1 Kg7 20. Nf3 h5
21. b4 Qe7 22. Bxg6 fxg6 23. Re2 Qc7 24. Qc3 Kh7 25. Qc2 Bh6 26. Bc1 Qe7 27. Rde1 Rxe2 28. Rxe2 Qf7 29. c5 Nd5 30. g3 Qd7
31. Kh2 Re8 32. Bb2 Rxe2 33. Qxe2 g4 34. hxg4 Qxg4 35. Ng1 Qxe2 36. Nxe2 Kg7 37. Nc3 Nxc3 38. Bxc3=
1/2-1/2

[Event "1800-2200 10 Player Round Robin"]
[Site "SchemingMind.com"]
[Date "2012.04.06"]
[Round "-"]
[White "Greg Magne"]
[Black "jdcald13"]
[Result "0-1"]
[WhiteCountry "CAN"]
[BlackCountry "USA"]
[WhiteElo "1728"]
[WhiteRD "95"]
[BlackElo "1990"]
[BlackRD "78"]
[GameID "307584"]

1. d4 c5 2. e4 cxd4 3. c3 dxc3 4. Nxc3 Nc6 5. Nf3 d6 6. Bc4 e6 7. O-O Nf6 8. Qe2 a6 9. Rd1 Qc7 10. Bf4 Na5
11. Bd3 Be7 12. Rac1 Nc6 13. Nd5 exd5 14. e5 dxe5 15. Nxe5 Qb6 16. Nxc6 bxc6 17. Re1 Be6 18. Bf5 c5 19. b4 O-O
0-1

[Event "1800-2200 10 Player Round Robin"]
[Site "SchemingMind.com"]
[Date "2012.04.05"]
[Round "-"]
[White "Greg Magne"]
[Black "Majoanis"]
[Result "1-0"]
[WhiteCountry "CAN"]
[BlackCountry "CAN"]
[WhiteElo "1830"]
[WhiteRD "83"]
[BlackElo "1777"]
[BlackRD "54"]
[GameID "307585"]

1. e4 Nf6 2. e5 Nd5 3. d4 d6 4. c4 Nb6 5. f4 g6 6. Nc3 Bg7 7. Be3 O-O 8. Bd3 Be6 9. Qe2 dxe5 10. fxe5 a5
11. d5 Bc8 12. Nf3 Bg4 13. Bf4 Na6 14. O-O-O Bxf3 15. Qxf3 Nb4 16. Be2 f6 17. e6 f5 18. h4 Bxc3 19. bxc3
1-0

[Event "1800-2200 10 Player Round Robin"]
[Site "SchemingMind.com"]
[Date "2012.04.06"]
[Round "-"]
[White "Greg Magne"]
[Black "smothered mate"]
[Result "0-1"]
[WhiteCountry "CAN"]
[BlackCountry "POL"]
[WhiteElo "1701"]
[WhiteRD "93"]
[BlackElo "1967"]
[BlackRD "65"]
[GameID "307586"]

1. d4 d5 2. c4 e6 3. Nc3 c5 4. cxd5 exd5 5. dxc5 d4 6. Na4 b5 7. Nf3 bxa4 8. Qxa4+ Bd7 9. Qxd4 Nc6 10. Qc3 Nf6
11. Bg5 Be7 12. g3 Ne4 13. Bxe7 Kxe7 14. Qa3 Qa5+ 15. Qxa5 Nxa5 16. b4 Nc4 17. Bg2 Rab8 18. a3 a5 19. Nd4 Ned2 20. c6 Be6
21. b5 Rbd8 22. e3 Rhe8 23. Rd1 Rxd4 24. exd4 Kd6 25. Rxd2 Bg4+
0-1

[Event "1800-2200 10 Player Round Robin"]
[Site "SchemingMind.com"]
[Date "2012.04.06"]
[Round "-"]
[White "Greg Magne"]
[Black "rookie31"]
[Result "0-1"]
[WhiteCountry "CAN"]
[BlackCountry "IND"]
[WhiteElo "1701"]
[WhiteRD "93"]
[BlackElo "2158"]
[BlackRD "75"]
[GameID "307587"]

1. e4 c6 2. d4 d5 3. Nc3 dxe4 4. Nxe4 Bf5 5. Ng3 Bg6 6. h4 h6 7. h5 Bh7 8. Nf3 e6 9. Bd3 Bxd3 10. Qxd3 Nd7
11. O-O Bd6 12. Ne4 Bb8 13. b3 Ngf6 14. Ba3 Nxe4 15. Qxe4 Qa5 16. Bb2 Qxh5 17. Rfe1 Bd6 18. c4 Nf6 19. Qd3 Ng4 20. d5 Qh1+
21. Kxh1 Nxf2+ 22. Kg1 Nxd3 23. Bxg7 Nxe1 24. Bxh8 Nxf3+ 25. gxf3 exd5 26. Bf6 Kd7 27. Rd1 Rg8+ 28. Kf2 Rg6 29. Bd4 c5
0-1

[Event "1800-2200 10 Player Round Robin"]
[Site "SchemingMind.com"]
[Date "2012.04.06"]
[Round "-"]
[White "Greg Magne"]
[Black "Adrian Grajczak"]
[Result "1/2-1/2"]
[WhiteCountry "CAN"]
[BlackCountry "POL"]
[WhiteElo "1830"]
[WhiteRD "83"]
[BlackElo "2188"]
[BlackRD "74"]
[GameID "307588"]

1. d4 Nf6 2. c4 e6 3. Nc3 Bb4 4. Qc2 c5 5. dxc5 O-O 6. a3 Bxc5 7. Nf3 b6 8. b4 Be7 9. g3 Bb7 10. Bg2 a5
11. bxa5 Rxa5 12. Nb5 d6 13. Bd2 Ra6 14. O-O Nbd7 15. Rfc1 Nc5 16. Bb4 Qd7 17. Rd1 Be4 18. Qb2 Rd8 19. Rd2 Bc6 20. Ne5 dxe5
21. Rxd7 Bxd7 22. Qxe5 Ng4 23. Qc7 Rc8 24. Bxc5 Rxc7 25. Nxc7 Bxc5 26. Nxa6 Bxf2+ 27. Kh1 Bd4 28. Rb1 Nf2+ 29. Kg1 Ne4+ 30. Kh1 Nf2+
31. Kg1 Ne4+=
1/2-1/2

[Event "1800-2200 10 Player Round Robin"]
[Site "SchemingMind.com"]
[Date "2012.04.06"]
[Round "-"]
[White "e_castle3"]
[Black "Greg Magne"]
[Result "0-1"]
[WhiteCountry "PHI"]
[BlackCountry "CAN"]
[WhiteElo "1860"]
[WhiteRD "67"]
[BlackElo "1830"]
[BlackRD "83"]
[GameID "307589"]

1. e4 c5 2. Nf3 d6 3. Bc4 Nf6 4. Nc3 e6 5. O-O Nc6 6. a3 a6 7. Re1 b5 8. Bb3 c4 9. Ba2 Bb7 10. b3 cxb3
11. Bxb3 Be7 12. d4 O-O 13. Bb2 Rc8 14. Na2 Na5 15. Qd3 Nxb3 16. cxb3 Qb6 17. e5 dxe5 18. Nxe5 Rfd8 19. Rad1 a5 20. Re3 Ba6
21. b4 Bb7 22. g4 h6 23. f4 Bd5 24. Nc3 axb4 25. Qxb5 Qxb5 26. Nxb5 Rc2 27. Bc1 Rg2+ 28. Kf1 Rxh2 29. axb4 Bxb4 30. Rg3 Ne4
31. Rg2 Rh3 32. Rg1 Rh2 33. Rg2 Rxg2 34. Kxg2 Nc3+
0-1

[Event "1800-2200 10 Player Round Robin"]
[Site "SchemingMind.com"]
[Date "2012.04.06"]
[Round "-"]
[White "jdcald13"]
[Black "Greg Magne"]
[Result "0-1"]
[WhiteCountry "USA"]
[BlackCountry "CAN"]
[WhiteElo "1990"]
[WhiteRD "78"]
[BlackElo "1728"]
[BlackRD "95"]
[GameID "307590"]

1. c4 e5 2. Nc3 Nf6 3. g3 Bb4 4. Bg2 O-O 5. Qb3 Nc6 6. Bxc6 Bxc3 7. Bg2 Ba5 8. Qb5 c6 9. Qxe5 Re8 10. Qg5 d5
11. cxd5 h6 12. Qh4 Qe7 13. e3 cxd5 14. Nf3 Qd6 15. O-O Re4 16. g4 Rxg4 17. Qh3 Ne4 18. d3 Ng5 19. Nxg5 Rxg5 20. Qh4 Qg6
21. Qa4 Rxg2+ 22. Kh1 Bc7
0-1

[Event "1800-2200 10 Player Round Robin"]
[Site "SchemingMind.com"]
[Date "2012.04.05"]
[Round "-"]
[White "Majoanis"]
[Black "Greg Magne"]
[Result "1-0"]
[WhiteCountry "CAN"]
[BlackCountry "CAN"]
[WhiteElo "1887"]
[WhiteRD "54"]
[BlackElo "1701"]
[BlackRD "93"]
[GameID "307591"]

1. c4 e5 2. Nc3 Nf6 3. Nf3 e4 4. Ng5 b5 5. d3 exd3 6. cxb5 Bb4 7. Bd2 O-O 8. e3 Bb7 9. Bxd3 Bxg2 10. Rg1 Bb7
11. Nxh7 Nxh7 12. Bxh7+ Kxh7 13. Qg4
1-0

[Event "1800-2200 10 Player Round Robin"]
[Site "SchemingMind.com"]
[Date "2012.04.06"]
[Round "-"]
[White "smothered mate"]
[Black "Greg Magne"]
[Result "1/2-1/2"]
[WhiteCountry "POL"]
[BlackCountry "CAN"]
[WhiteElo "1936"]
[WhiteRD "62"]
[BlackElo "1830"]
[BlackRD "83"]
[GameID "307592"]

1. e4 e5 2. Nf3 Nc6 3. Bb5 a6 4. Bxc6 dxc6 5. O-O f6 6. d4 exd4 7. Qxd4 Qxd4 8. Nxd4 Bd7 9. Be3 Bd6 10. Nc3 Ne7
11. f3 O-O-O 12. Nce2 g5 13. Nb3 b6 14. Bd4 Rhf8 15. Bf2 f5 16. exf5 Nxf5 17. Nbd4 Kb7 18. c3 c5 19. Nxf5 Bxf5 20. Bg3 Rfe8
21. Bxd6 cxd6 22. Ng3 Bg6 23. Rfe1 d5 24. Rxe8 Rxe8 25. Rd1 Kc6 26. Kf2 h5 27. Nf1 Rd8= 28. Re1 Re8 29. Ne3 d4 30. cxd4 cxd4
31. Rc1+ Kb7 32. Nd5 d3 33. Rc7+ Kb8 34. Re7 Rd8 35. Nc3 d2 36. Ke2 Bc2 37. Nd1 Bd3+ 38. Kxd2 Bf1+ 39. Ke1 Bxg2 40. Rf7 g4
41. fxg4 hxg4 42. Ne3 Bf3 43. Rf4 Rh8 44. Nxg4 Bxg4=
1/2-1/2

[Event "1800-2200 10 Player Round Robin"]
[Site "SchemingMind.com"]
[Date "2012.04.06"]
[Round "-"]
[White "rookie31"]
[Black "Greg Magne"]
[Result "1-0"]
[WhiteCountry "IND"]
[BlackCountry "CAN"]
[WhiteElo "2158"]
[WhiteRD "75"]
[BlackElo "1701"]
[BlackRD "93"]
[GameID "307593"]

1. d4 d5 2. c4 e6 3. Nc3 c6 4. Nf3 Nf6 5. Bg5 dxc4 6. a4 Bb4 7. e4 c5 8. Bxc4 cxd4 9. Bb5+ Bd7 10. Qxd4 Bxc3+
11. Qxc3 O-O 12. Rd1 Nxe4 13. Bxd8 Nxc3 14. bxc3
1-0

[Event "1800-2200 10 Player Round Robin"]
[Site "SchemingMind.com"]
[Date "2012.04.06"]
[Round "-"]
[White "Adrian Grajczak"]
[Black "Greg Magne"]
[Result "1-0"]
[WhiteCountry "POL"]
[BlackCountry "CAN"]
[WhiteElo "2118"]
[WhiteRD "65"]
[BlackElo "1826"]
[BlackRD "88"]
[GameID "307594"]

1. e4 e5 2. Nf3 Nc6 3. Bb5 a6 4. Ba4 Nf6 5. O-O Be7 6. Re1 b5 7. Bb3 d6 8. c3 O-O 9. h3 Nb8 10. d4 Nbd7
11. Nbd2 Bb7 12. Bc2 Re8 13. Nf1 Bf8 14. Ng3 g6 15. Bg5 h6 16. Bd2 c5 17. d5 Kh7 18. a4 c4 19. Be3 Qc7 20. Qd2 Nc5
21. axb5 axb5 22. Nh2 h5 23. Bg5 Bg7 24. Qe2 Kg8 25. Ngf1 Rxa1 26. Rxa1 Ra8 27. Rxa8+ Bxa8 28. f4 Qa5 29. fxe5 dxe5 30. Nf3 Ncd7
31. Bc1 Ne8 32. g4 hxg4 33. hxg4 Nd6 34. g5 Bb7 35. Ne3 Bc8 36. Ng4 b4 37. cxb4 Qxb4 38. Qd2 Qxd2 39. Bxd2 f5 40. gxf6 Nxf6
41. Nxf6+ Bxf6 42. Bc3 Nf7 43. Bb4 Ng5 44. Nd2 Bd7 45. Nxc4 Bd8 46. Nxe5
1-0

[Event "1800-2200 10 Player Round Robin"]
[Site "SchemingMind.com"]
[Date "2012.04.06"]
[Round "-"]
[White "Teagy"]
[Black "Greg Magne"]
[Result "1-0"]
[WhiteCountry "ENG"]
[BlackCountry "CAN"]
[WhiteElo "1829"]
[WhiteRD "74"]
[BlackElo "1830"]
[BlackRD "83"]
[GameID "307624"]

1. f4 e5 2. e4 exf4 3. Nf3 Nf6 4. e5 Nh5 5. d4 d6 6. Qe2 Be7 7. exd6 Qxd6 8. Qb5+ Bd7 9. Qxh5 Nc6 10. Nc3 Nxd4
11. Nxd4 Qxd4 12. Bd2 O-O 13. O-O-O Be6 14. Be2 a6 15. Rhf1 b5 16. Bxf4 Qb6 17. Nd5 Bxd5 18. Rxd5 Bf6 19. Bd3 Qa5 20. Qxh7#
1-0

[Event "1800-2200 10 Player Round Robin"]
[Site "SchemingMind.com"]
[Date "2012.04.08"]
[Round "-"]
[White "Teagy"]
[Black "e_castle3"]
[Result "0-1"]
[WhiteCountry "ENG"]
[BlackCountry "PHI"]
[WhiteElo "1764"]
[WhiteRD "70"]
[BlackElo "1835"]
[BlackRD "62"]
[GameID "307625"]

1. e4 Nc6 2. d3 e5 3. Nf3 Bc5 4. g3 h6 5. Bg2 Nf6 6. O-O O-O 7. c3 d6 8. b4 Bb6 9. Nbd2 Bg4 10. Nc4 Qd7
11. Nxb6 axb6 12. Re1 Bh3 13. Bh1 Rfd8 14. b5 Ne7 15. Qb3 Ne8 16. d4 Ng6 17. dxe5 dxe5 18. Bb2 Nd6 19. a4 Qe6 20. Qxe6= Bxe6
21. Nd2 Nxb5 22. Nf1 Nd6 23. Ne3 Nc4 24. Nxc4 Bxc4 25. Bg2 Bb3 26. Bf3 Rxa4 27. Rxa4 Bxa4 28. h4 Rd2 29. Re2 Rxe2 30. Bxe2 Bc2
31. f3 f6 32. Kf2 Kf7 33. Bc4+ Ke7 34. Bd5 c6 35. Ba3+ Ke8 36. Be6 Kd8 37. Ke2 Ba4 38. Bf5= Ne7 39. Bxe7+ Kxe7 40. Bc8 Bb5+
41. Kd2 Ba6 42. f4 exf4 43. gxf4 Kd6 44. Ke3 Kc7 45. Be6 Kd6 46. Bc8 Kc7 47. Be6= Bf1 48. Kf3 b5 49. e5 fxe5 50. fxe5 Bc4
51. Bf5 c5 52. Ke4 Kc6 53. h5 Bd5+ 54. Kf4 b4 55. cxb4 cxb4 56. Bb1 Be6 57. Ke4 Kc5 58. Bd3 b5
0-1

[Event "1800-2200 10 Player Round Robin"]
[Site "SchemingMind.com"]
[Date "2012.04.06"]
[Round "-"]
[White "Teagy"]
[Black "jdcald13"]
[Result "0-1"]
[WhiteCountry "ENG"]
[BlackCountry "USA"]
[WhiteElo "1840"]
[WhiteRD "69"]
[BlackElo "1987"]
[BlackRD "63"]
[GameID "307626"]

1. f4 e5 2. e4 exf4 3. Nf3 d5 4. exd5 Nf6 5. Bc4 Bd6 6. Qe2+ Qe7 7. Qxe7+ Kxe7 8. d4 Nbd7 9. O-O Re8 10. Nc3 Nb6
11. Bb3 Bf5 12. Ne5 g5 13. Bd2 a5 14. a4 Rad8 15. Nc4 Nxc4 16. Bxc4 Bxc2 17. Rae1+ Kf8 18. Rxe8+ Rxe8 19. Re1 Rxe1+ 20. Bxe1 Bb4
21. Kf1 Ng4 22. Be2 Ne3+ 23. Kf2 Ke7 24. Bb5 Bxc3 25. bxc3 Nxd5 26. c4 Nb4 27. c5 c6
0-1

[Event "1800-2200 10 Player Round Robin"]
[Site "SchemingMind.com"]
[Date "2012.04.06"]
[Round "-"]
[White "Teagy"]
[Black "Majoanis"]
[Result "0-1"]
[WhiteCountry "ENG"]
[BlackCountry "CAN"]
[WhiteElo "1840"]
[WhiteRD "69"]
[BlackElo "1834"]
[BlackRD "55"]
[GameID "307627"]

1. f4 Nf6 2. Nf3 g6 3. g3 Bg7 4. Bg2 O-O 5. O-O d5 6. d3 c5 7. c3 Nc6 8. Qe1 d4 9. Na3 Re8 10. Nc4 Nd7
11. cxd4 cxd4 12. a4 e5 13. Nd6 Rf8 14. Nxc8 Rxc8 15. fxe5 Ndxe5 16. b4 Re8 17. Ra3 Qe7 18. b5 Nxf3+ 19. Bxf3 Nd8 20. Ra2 Ne6
21. e4 dxe3 22. Qxe3 Bd4
0-1

[Event "1800-2200 10 Player Round Robin"]
[Site "SchemingMind.com"]
[Date "2012.04.06"]
[Round "-"]
[White "Teagy"]
[Black "smothered mate"]
[Result "0-1"]
[WhiteCountry "ENG"]
[BlackCountry "POL"]
[WhiteElo "1829"]
[WhiteRD "74"]
[BlackElo "1936"]
[BlackRD "62"]
[GameID "307628"]

1. e4 c5 2. Nc3 a6 3. d3 Nc6 4. g3 Nf6 5. Bg2 g6 6. f4 d6 7. Nf3 Bg7 8. O-O Bg4 9. h3 Bd7 10. Be3 Qc8
11. Kh2 h5 12. e5 dxe5 13. fxe5 Ng4+ 14. hxg4 hxg4+ 15. Nh4 Bxe5 16. Nd5 Rxh4+ 17. Kg1 Bxg3
0-1

[Event "1800-2200 10 Player Round Robin"]
[Site "SchemingMind.com"]
[Date "2012.04.06"]
[Round "-"]
[White "Teagy"]
[Black "rookie31"]
[Result "0-1"]
[WhiteCountry "ENG"]
[BlackCountry "IND"]
[WhiteElo "1829"]
[WhiteRD "74"]
[BlackElo "2194"]
[BlackRD "60"]
[GameID "307629"]

1. e4 c6 2. d4 d5 3. f3 dxe4 4. fxe4 e5 5. Nf3 exd4 6. Bc4 Qa5+ 7. Bd2 Qh5 8. O-O Bc5 9. Bxf7+ Qxf7 10. Ne5 d3+
11. Kh1 dxc2 12. Qe2 Qe6 13. Nf7 Nf6 14. Nxh8 cxb1=Q 15. Raxb1 b6 16. e5 Ba6 17. Rxf6 gxf6 18. Qh5+ Kd8 19. exf6 Kc7 20. Re1 Qxf6
21. Bg5 Qf2 22. Bh4 Qd4 23. Rd1 Bd3
0-1

[Event "1800-2200 10 Player Round Robin"]
[Site "SchemingMind.com"]
[Date "2012.04.06"]
[Round "-"]
[White "Teagy"]
[Black "Adrian Grajczak"]
[Result "0-1"]
[WhiteCountry "ENG"]
[BlackCountry "POL"]
[WhiteElo "1826"]
[WhiteRD "69"]
[BlackElo "2126"]
[BlackRD "65"]
[GameID "307630"]

1. e4 d6 2. Nc3 Nf6 3. d4 e5 4. f4 exd4 5. Qxd4 Nc6 6. Bb5 Bd7 7. Bxc6 Bxc6 8. Nf3 Be7 9. Bd2 O-O 10. O-O-O Re8
11. Nd5 Nxd5 12. exd5 Bf6 13. Qd3 Bd7 14. f5 g6 15. g4 a5 16. h4 a4 17. g5 Bxf5 18. Qf1 Bg7 19. h5 a3 20. b3 Be4
21. hxg6 fxg6 22. Qh3 Bb2+ 23. Kb1 Qe7 24. Rde1 Qg7 25. Rxe4 Rxe4 26. c3 Re2 27. Qh6 Qxh6 28. gxh6 Rf8 29. Rf1 Rxf3
0-1

[Event "1800-2200 10 Player Round Robin"]
[Site "SchemingMind.com"]
[Date "2012.04.07"]
[Round "-"]
[White "Greg Magne"]
[Black "Teagy"]
[Result "1/2-1/2"]
[WhiteCountry "CAN"]
[BlackCountry "ENG"]
[WhiteElo "1830"]
[WhiteRD "83"]
[BlackElo "1829"]
[BlackRD "74"]
[GameID "307631"]

1. e4 e5 2. Nf3 Nc6 3. Bb5 Nd4 4. Nxd4 exd4 5. O-O Bc5 6. Bc4 d6 7. d3 c6 8. f4 b5 9. Bb3 Be6 10. Bxe6 fxe6
11. f5 Nf6 12. fxe6 O-O 13. Bg5 Qe7 14. Nd2 Qxe6 15. Nb3 Bb6 16. Kh1 a5 17. a4 b4 18. Nd2 d5 19. Qe1 Rae8 20. Qh4 Bd8
21. exd5 Qxd5 22. Ne4 Nxe4 23. Bxd8 Rxf1+ 24. Rxf1 Qxd8=
1/2-1/2

[Event "1800-2200 10 Player Round Robin"]
[Site "SchemingMind.com"]
[Date "2012.04.08"]
[Round "-"]
[White "e_castle3"]
[Black "Teagy"]
[Result "1-0"]
[WhiteCountry "PHI"]
[BlackCountry "ENG"]
[WhiteElo "1838"]
[WhiteRD "62"]
[BlackElo "1826"]
[BlackRD "69"]
[GameID "307632"]

1. e4 d5 2. exd5 Nf6 3. d4 Nxd5 4. c4 Nb6 5. Nf3 g6 6. Nc3 Bg7 7. h3 O-O 8. Be2 Nc6 9. Be3 Re8 10. Qd2 e5
11. d5 Na5 12. b3 e4 13. Nd4 c5 14. Nc2 Nd7 15. O-O b6 16. Rad1 f5 17. d6 Bxc3 18. Qd5+ Kg7 19. Qxa8 Nb7 20. Qxa7 Ba5
21. a3 b5 22. cxb5 Bb6 23. Qa4 Qh4 24. f4 Ba5 25. b4 Bb6 26. bxc5 Nbxc5 27. Qd4+ Kh6 28. Qb2 Nd3 29. Bxd3 Bxe3+ 30. Nxe3 exd3
31. Rxd3 Nc5 32. Rd5 Nd7 33. Nc4 Bb7 34. Rd2 Re1 35. Rf2 Re4 36. Na5 Bd5 37. b6 Ra4 38. Qb5
1-0

[Event "1800-2200 10 Player Round Robin"]
[Site "SchemingMind.com"]
[Date "2012.04.06"]
[Round "-"]
[White "jdcald13"]
[Black "Teagy"]
[Result "1-0"]
[WhiteCountry "USA"]
[BlackCountry "ENG"]
[WhiteElo "1987"]
[WhiteRD "63"]
[BlackElo "1840"]
[BlackRD "69"]
[GameID "307633"]

1. c4 e5 2. Nc3 Nc6 3. g3 d6 4. Bg2 g6 5. Nf3 Bg7 6. O-O f5 7. d3 Nf6 8. Bd2 O-O 9. a3 h6 10. b4 Rb8
11. e3 Be6 12. Qa4 a6 13. Rac1 Ne7 14. b5 axb5 15. cxb5 Ra8 16. Qb4 Ned5 17. Qb2 e4 18. Nd4 Bd7 19. dxe4 Nxc3 20. Bxc3 fxe4
21. Qb3+ d5 22. Rfd1 c6 23. bxc6 bxc6 24. Bb4 c5 25. Bxc5 Ba4 26. Qc3 Re8 27. Rd2 Nd7 28. Bb4 Ne5 29. Qc7 Nc4 30. Rxc4 dxc4
31. Qxc4+ Kh7 32. Ne6 Qc8 33. Qxc8 Raxc8 34. Nxg7 Kxg7 35. h4 Rc1+ 36. Kh2 Rc2 37. Rd4 Rxf2 38. Bc3
1-0

[Event "1800-2200 10 Player Round Robin"]
[Site "SchemingMind.com"]
[Date "2012.04.07"]
[Round "-"]
[White "Majoanis"]
[Black "Teagy"]
[Result "1/2-1/2"]
[WhiteCountry "CAN"]
[BlackCountry "ENG"]
[WhiteElo "1834"]
[WhiteRD "55"]
[BlackElo "1840"]
[BlackRD "69"]
[GameID "307634"]

1. c4 e6 2. Nf3 Nf6 3. g3 c5 4. Bg2 Nc6 5. O-O Be7 6. Nc3 O-O 7. d4 cxd4 8. Nxd4 a6 9. Nb3 d6 10. e4 Bd7
11. Re1 Ne8 12. Be3 Rb8 13. Qe2 Na5 14. Nxa5 Qxa5 15. Qd2 Bf6 16. Nd5 Qxd2 17. Nxf6+ Nxf6 18. Bxd2 Rfe8=
1/2-1/2

[Event "1800-2200 10 Player Round Robin"]
[Site "SchemingMind.com"]
[Date "2012.04.06"]
[Round "-"]
[White "smothered mate"]
[Black "Teagy"]
[Result "1-0"]
[WhiteCountry "POL"]
[BlackCountry "ENG"]
[WhiteElo "1979"]
[WhiteRD "65"]
[BlackElo "1826"]
[BlackRD "69"]
[GameID "307635"]

1. d4 Nf6 2. c4 c5 3. e3 cxd4 4. exd4 g6 5. Nc3 Bg7 6. Nf3 O-O 7. Be2 d6 8. O-O Nbd7 9. h3 a6 10. Be3 e5
11. d5 h6 12. Rc1 Ne8 13. b4 f5 14. Na4 f4 15. Bd2 e4 16. Nh2 f3 17. gxf3 exf3 18. Nxf3 Ne5 19. Nxe5 Bxe5 20. Bg4 h5
21. Bxc8 Rxc8 22. Qc2 Kg7 23. f4 Bd4+ 24. Kh2 b5 25. Bc3 Bf6 26. Rg1 Rc7 27. Qxg6+ Kh8 28. Qh6+ Rh7 29. Qxf8#
1-0

[Event "1800-2200 10 Player Round Robin"]
[Site "SchemingMind.com"]
[Date "2012.04.06"]
[Round "-"]
[White "rookie31"]
[Black "Teagy"]
[Result "1-0"]
[WhiteCountry "IND"]
[BlackCountry "ENG"]
[WhiteElo "2194"]
[WhiteRD "60"]
[BlackElo "1829"]
[BlackRD "74"]
[GameID "307636"]

1. d4 e6 2. c4 Nf6 3. Nf3 c5 4. d5 exd5 5. cxd5 d6 6. Nc3 g6 7. e4 a6 8. Be2 b5 9. O-O b4 10. Na4 Bg7
11. e5 dxe5 12. Nxe5 O-O 13. d6 Nbd7 14. Nc6 Qe8 15. Bf3 Nb8 16. Ne7+
1-0

[Event "1800-2200 10 Player Round Robin"]
[Site "SchemingMind.com"]
[Date "2012.04.06"]
[Round "-"]
[White "Adrian Grajczak"]
[Black "Teagy"]
[Result "1-0"]
[WhiteCountry "POL"]
[BlackCountry "ENG"]
[WhiteElo "2126"]
[WhiteRD "65"]
[BlackElo "1826"]
[BlackRD "69"]
[GameID "307637"]

1. e4 e6 2. d3 d5 3. Nd2 Nf6 4. Ngf3 Bc5 5. e5 Nfd7 6. d4 Bb6 7. Nb3 c5 8. c3 Nc6 9. Be3 cxd4 10. cxd4 f6
11. exf6 Nxf6 12. Rc1 O-O 13. Bd3 Bc7 14. h3 e5 15. dxe5 Nxe5 16. Nxe5 Bxe5 17. Nd4 Bd7 18. O-O Kh8 19. Qb3 Bxd4 20. Bxd4 Bc6
21. Rfe1 Qd7 22. Re3 Rf7 23. Qc2 Ne4 24. f3 Ng5 25. Rce1 Raf8 26. Bc5 Rc8 27. h4 d4 28. Re7 Rxe7 29. Rxe7 Nxf3+ 30. gxf3 Qh3
31. Bxd4
1-0

[Event "1800-2200 10 Player Round Robin"]
[Site "SchemingMind.com"]
[Date "2012.04.07"]
[Round "-"]
[White "emvarela"]
[Black "Greg Magne"]
[Result "0-1"]
[WhiteCountry "ARG"]
[BlackCountry "CAN"]
[WhiteElo "1740"]
[WhiteRD "47"]
[BlackElo "1830"]
[BlackRD "83"]
[GameID "307723"]

1. e4 c5 2. Nf3 d6 3. d4 cxd4 4. Nxd4 Nf6 5. Nc3 a6 6. Be3 e5 7. Nb3 Be6 8. Qd2 Be7 9. f3 O-O 10. O-O-O Nbd7
11. g4 b5 12. g5 b4 13. Ne2 Ne8 14. Ng3 a5 15. Kb1 a4 16. Nc1 b3 17. axb3 axb3 18. cxb3 Nc7 19. Bc4 Qb8 20. f4 Nb6
21. Bxe6 fxe6 22. fxe5 dxe5 23. Bxb6 Qxb6 24. Qd7 Bxg5 25. Rhf1 Nb5 26. Nh5 Bh6 27. Rxf8+ Rxf8 28. Nd3 Rd8 29. Qe7 Nc3+
0-1

[Event "1800-2200 10 Player Round Robin"]
[Site "SchemingMind.com"]
[Date "2012.04.08"]
[Round "-"]
[White "emvarela"]
[Black "e_castle3"]
[Result "0-1"]
[WhiteCountry "ARG"]
[BlackCountry "PHI"]
[WhiteElo "1697"]
[WhiteRD "45"]
[BlackElo "1878"]
[BlackRD "62"]
[GameID "307724"]

1. e4 Nc6 2. Nf3 d6 3. d4 e5 4. Bb5 Bd7 5. Nc3 a6 6. Bxc6 Bxc6 7. dxe5 h6 8. O-O Qe7 9. exd6 Qxd6 10. Qxd6 Bxd6
11. a3 O-O-O 12. Be3 f6 13. Nd5 Bxd5 14. exd5 Ne7 15. c4 Nf5 16. h3 Rhe8 17. Rfe1 Nxe3 18. fxe3 Bc5 19. Kf2 Re4 20. Nd2 Rf4+
21. Kg3 Rf5 22. e4 Bd6+ 23. Kg4 Rf4+ 24. Kh5 Rf2 25. Nf3 Rxg2 26. b4 Bf4 27. Rg1 g6+
0-1

[Event "1800-2200 10 Player Round Robin"]
[Site "SchemingMind.com"]
[Date "2012.04.07"]
[Round "-"]
[White "emvarela"]
[Black "jdcald13"]
[Result "0-1"]
[WhiteCountry "ARG"]
[BlackCountry "USA"]
[WhiteElo "1740"]
[WhiteRD "47"]
[BlackElo "1998"]
[BlackRD "73"]
[GameID "307725"]

1. e4 c5 2. Nf3 d6 3. d4 cxd4 4. Nxd4 Nf6 5. Nc3 g6 6. Be3 Bg7 7. f3 O-O 8. Qd2 Nc6 9. O-O-O Bd7 10. g4 Rc8
11. h4 Qa5 12. Nd5 Qxa2 13. Nxf6+ Bxf6 14. c3 Nxd4 15. Bxd4 Ba4 16. Bd3 Bxd4
0-1